[Event "Lueneburger Schachfestival IM 2019"]
[Site "Lueneburg"]
[Date "2019.08.09"]
[Round "8.5"]
[White "Ertan, Can"]
[Black "Knuedel, Torben"]
[Result "0-1"]
[WhiteElo "2396"]
[BlackElo "2151"]
[Annotator "TA"]
[PlyCount "68"]
[EventDate "2019.08.02"]
[EventType "tourn"]
[EventCountry "GER"]
[SourceTitle "playchess.com"]
[Source "ChessBase"]
[SourceQuality "1"]

{[%evp 37,68,27,37,26,22,24,29,22,33,32,58,56,64,39,29,43,67,59,97,112,105,109,99,85,109,121,116,-2241,-5614,-29996,-29997,-29997,-29998]} 1. e4 e5 2. Nf3 Nc6 3. Bb5 a6 4. Ba4 Nf6 5. O-O Be7 6. Re1 b5 7. Bb3 O-O 8. c3 d5 9. exd5 Nxd5 10. Nxe5 Nxe5 11. Rxe5 c6 12. d4 Bd6 13. Re1 Qh4 14. g3 Qh3 15. Be3 Bg4 16. Qd3 Rae8 17. Nd2 Re6 18. a4 Qh5 19. axb5 axb5 20. Nf1 {C89: Closed Ruy Lopez: Marshall Attack} Bf5 21. Qd1 (21. Qd2 Bh3 22. Qd1 {½-½ (25) Mueller,G (2571)-Van der Hoeven,D (2653) ICCF email 2016}) 21... Bg4 22. Qd2 {White has an edge.} Rfe8 23. Bd1 Bxd1 24. Qxd1 Qf5 25. Qb1 $146 ({Predecessor:} 25. Bd2 Rxe1 26. Bxe1 h5 27. Bd2 h4 28. gxh4 {1-0 (42) Popov,V (2138)-Marx,P (2026) ICCF email 2016}) 25... Qh3 26. Qd3 f5 27. Bd2 $1 {aiming for Rxe6.} Rxe1 28. Rxe1 Rxe1 29. Bxe1 f4 30. Qe4 {Hoping for Qe8+.} g5 31. Qe8+ {[%mdl 64] Double Attack} Kg7 {And now ...f3 would win.} 32. Qxc6 $2 {[%mdl 8192] [#]} (32. Nd2 $16) 32... f3 $1 $19 {[%csl Gf3][%cal Rh3g2]} 33. Qb7+ Kh6 {[%csl Gf3][%cal Rh3g2]} 34. Ne3 Nxe3 0-1

[Event "Lueneburger Schachfestival IM 2019"]
[Site "Lueneburg"]
[Date "2019.08.10"]
[Round "9.1"]
[White "Knuedel, Torben"]
[Black "Chennaoui, Yasin"]
[Result "1-0"]
[WhiteElo "2151"]
[BlackElo "2092"]
[Annotator "NA"]
[PlyCount "69"]
[EventDate "2019.08.02"]
[EventType "tourn"]
[EventCountry "GER"]
[SourceTitle "playchess.com"]
[Source "ChessBase"]
[SourceQuality "1"]
[TimeControl "40/5400+30:1800+30"]

1. e4 {[%emt 0:00:00]} c5 {[%emt 0:00:00]} 2. Nf3 {[%emt 0:00:00]} Nc6 {[%emt 0:00:00]} 3. d4 {[%emt 0:00:00]} cxd4 {[%emt 0:00:00]} 4. Nxd4 {[%emt 0:00:00]} Nf6 {[%emt 0:00:00]} 5. Nc3 {[%emt 0:00:00]} d6 {[%emt 0:00:00]} 6. Bg5 {[%emt 0:00:00]} Qb6 {[%emt 0:00:00]} 7. Nb3 {[%emt 0:01:56]} e6 {[%emt 0:00:00]} 8. Qd2 {[%emt 0:01:10]} Be7 {[%emt 0:01:07]} 9. O-O-O {[%emt 0:02:07]} O-O {[%emt 0:00:46]} 10. Be2 {[%emt 0:10:57]} Rd8 {[%emt 0:02:07]} 11. f4 {[%emt 0:16:18]} h6 {[%emt 0:11:54]} 12. h4 {[%emt 0:01:47]} a5 {[%emt 0:13:28]} 13. a4 {[%emt 0:06:14]} Qb4 {[%emt 0:00:59]} 14. Qe3 {[%emt 0:02:03]} d5 {[%emt 0:09:46]} 15. exd5 {[%emt 0:10:31]} exd5 {[%emt 0:00:43]} 16. Bxf6 {[%emt 0:02:51]} Bxf6 {[%emt 0:00:01]} 17. Nxd5 {[%emt 0:06:59]} Rxd5 18. Rxd5 {[%emt 0:00:01]} Be6 {[%emt 0:00:15]} 19. Re5 {[%emt 0:23:00]} Bxb3 {[%emt 0:02:38]} 20. cxb3 {[%emt 0:00:24]} Nxe5 {[%emt 0:02:39]} 21. fxe5 {[%emt 0:00:08]} Re8 {[%emt 0:00:38]} 22. Qc3 {[%emt 0:04:42]} Qf4+ {[%emt 0:00:53]} 23. Kb1 {[%emt 0:00:21]} Bxe5 {[%emt 0:01:15]} 24. Qc4 {[%emt 0:01:12]} Qd2 {[%emt 0:03:01]} 25. Qc2 {[%emt 0:00:18]} Qe3 {[%emt 0:01:40]} 26. Bc4 {[%emt 0:01:12]} Rd8 {[%emt 0:01:32]} 27. Rf1 {[%emt 0:00:30]} Kh8 {[%emt 0:08:36]} 28. Rxf7 {[%emt 0:01:12]} Qe1+ {[%emt 0:00:45]} 29. Ka2 {[%emt 0:00:14]} Qxh4 {[%emt 0:01:16]} 30. Qf5 {[%emt 0:00:38]} Qd4 {[%emt 0:01:02]} 31. Rf8+ {[%emt 0:00:50]} Rxf8 {[%emt 0:00:02]} 32. Qxf8+ {[%emt 0:00:07]} Kh7 {[%emt 0:00:06]} 33. Qf5+ {[%emt 0:00:14]} g6 {[%emt 0:00:47]} 34. Qf7+ {[%emt 0:00:06]} Bg7 {[%emt 0:00:20]} 35. Qg8# {[%emt 0:09:28] Be5 Qe6} 1-0

[Event "Lueneburger Schachfestival IM 2019"]
[Site "Lueneburg"]
[Date "2019.08.10"]
[Round "9.2"]
[White "Aarav Dengla"]
[Black "Ertan, Can"]
[Result "0-1"]
[WhiteElo "2038"]
[BlackElo "2396"]
[Annotator "NA"]
[PlyCount "76"]
[EventDate "2019.08.02"]
[EventType "tourn"]
[EventCountry "GER"]
[SourceTitle "playchess.com"]
[Source "ChessBase"]
[SourceQuality "1"]
[TimeControl "40/5400+30:1800+30"]

1. e4 {[%emt 0:00:00]} e5 {[%emt 0:00:00]} 2. Nf3 {[%emt 0:00:00]} Nc6 {[%emt 0:00:00]} 3. Bb5 {[%emt 0:00:00]} a6 {[%emt 0:00:00]} 4. Ba4 {[%emt 0:00:00]} Nf6 {[%emt 0:00:00]} 5. O-O {[%emt 0:00:00]} Nxe4 {[%emt 0:00:00]} 6. d4 {[%emt 0:00:20]} b5 {[%emt 0:00:00]} 7. Bb3 {[%emt 0:00:03]} d5 {[%emt 0:00:00]} 8. dxe5 {[%emt 0:00:04]} Be6 {[%emt 0:00:03]} 9. Nbd2 {[%emt 0:02:09]} Nc5 {[%emt 0:00:06]} 10. c3 {[%emt 0:01:48]} d4 {[%emt 0:03:51]} 11. cxd4 {[%emt 0:01:49]} Nxd4 {[%emt 0:00:29]} 12. Nxd4 {[%emt 0:00:23]} Qxd4 {[%emt 0:00:06]} 13. Bxe6 {[%emt 0:01:26]} fxe6 {[%emt 0:02:34]} 14. Qf3 {[%emt 0:10:32]} Qd5 {[%emt 0:00:23]} 15. Qxd5 {[%emt 0:06:37]} exd5 {[%emt 0:00:04]} 16. Nb3 {[%emt 0:01:16]} O-O-O {[%emt 0:04:37]} 17. Nxc5 {[%emt 0:13:41]} Bxc5 {[%emt 0:00:05]} 18. Bd2 {[%emt 0:01:07]} Rhf8 {[%emt 0:04:08]} 19. Rac1 {[%emt 0:04:49]} Bb6 {[%emt 0:01:31]} 20. Bb4 {[%emt 0:02:27]} Rf5 {[%emt 0:01:23]} 21. e6 {[%emt 0:00:47]} Re8 {[%emt 0:01:56]} 22. e7 {[%emt 0:02:07]} d4 {[%emt 0:01:51]} 23. g4 {[%emt 0:19:21]} Rg5 {[%emt 0:00:53]} 24. h3 {[%emt 0:00:44]} a5 {[%emt 0:00:06]} 25. Bd2 {[%emt 0:02:45]} Re5 {[%emt 0:00:06]} 26. b4 {[%emt 0:12:25]} a4 {[%emt 0:01:15]} 27. Bf4 {[%emt 0:01:20]} Re2 {[%emt 0:04:36]} 28. Bg5 {[%emt 0:02:26]} h6 {[%emt 0:00:41]} 29. Bh4 {[%emt 0:01:25]} g5 {[%emt 0:00:06]} 30. Bg3 {[%emt 0:00:03]} d3 {[%emt 0:00:55]} 31. Rcd1 {[%emt 0:01:56]} d2 {[%emt 0:00:24]} 32. Kg2 {[%emt 0:00:05]} R8xe7 {[%emt 0:00:15]} 33. Kf3 {[%emt 0:00:35]} Bd4 {[%emt 0:00:48]} 34. a3 {[%emt 0:00:38]} Bb2 {[%emt 0:02:21]} 35. h4 {[%emt 0:00:15]} Bxa3 {[%emt 0:00:05]} 36. hxg5 {[%emt 0:00:28]} hxg5 {[%emt 0:00:05]} 37. Kg2 {[%emt 0:00:06]} Bxb4 {[%emt 0:00:13]} 38. Kg1 {[%emt 0:00:30]} Bc5 {[%emt 0:00:52]} 0-1

[Event "Lueneburger Schachfestival IM 2019"]
[Site "Lueneburg"]
[Date "2019.08.10"]
[Round "9.3"]
[White "Kahlert, Thomas"]
[Black "Carlstedt, Jonathan"]
[Result "1/2-1/2"]
[WhiteElo "2152"]
[BlackElo "2408"]
[Annotator "NA"]
[PlyCount "62"]
[EventDate "2019.08.02"]
[EventType "tourn"]
[EventCountry "GER"]
[SourceTitle "playchess.com"]
[Source "ChessBase"]
[SourceQuality "1"]
[TimeControl "40/5400+30:1800+30"]

1. Nf3 {[%emt 0:00:00]} g6 {[%emt 0:00:00]} 2. d4 {[%emt 0:00:00]} Bg7 {[%emt 0:00:00]} 3. c4 {[%emt 0:00:37]} d6 {[%emt 0:00:00]} 4. Nc3 {[%emt 0:00:06]} Bg4 {[%emt 0:00:33]} 5. e3 {[%emt 0:03:24]} c5 {[%emt 0:04:05]} 6. Be2 {[%emt 0:00:46]} cxd4 {[%emt 0:05:01]} 7. Nxd4 {[%emt 0:03:40]} Bxe2 {[%emt 0:02:55]} 8. Ndxe2 {[%emt 0:00:43]} Nd7 {[%emt 0:00:15]} 9. b3 {[%emt 0:03:37]} Ngf6 {[%emt 0:01:16]} 10. Bb2 {[%emt 0:00:44]} O-O {[%emt 0:00:06]} 11. O-O {[%emt 0:02:03]} a5 {[%emt 0:01:24]} 12. Qd2 {[%emt 0:03:47]} Nc5 {[%emt 0:04:00]} 13. Rfd1 {[%emt 0:03:43]} a4 {[%emt 0:01:59]} 14. Qc2 {[%emt 0:11:03]} Qa5 {[%emt 0:09:58]} 15. Rab1 {[%emt 0:02:19]} Qb4 {[%emt 0:09:33]} 16. Nf4 {[%emt 0:16:31]} axb3 {[%emt 0:07:47]} 17. axb3 {[%emt 0:00:19]} e6 {[%emt 0:02:15]} 18. Nb5 {[%emt 0:07:18]} Ra2 {[%emt 0:01:29]} 19. Nc3 {[%emt 0:08:07]} Ra6 {[%emt 0:00:13]} 20. Nb5 {[%emt 0:00:16]} Ra2 {[%emt 0:05:35]} 21. Nc3 {[%emt 0:02:06]} Rxb2 {[%emt 0:03:54]} 22. Rxb2 {[%emt 0:01:08]} Nfe4 {[%emt 0:00:33]} 23. Nxe4 {[%emt 0:03:24]} Nxe4 {[%emt 0:00:06]} 24. Qxe4 {[%emt 0:05:15]} Bxb2 {[%emt 0:00:17]} 25. Qc2 {[%emt 0:04:18]} Bf6 {[%emt 0:01:27]} 26. g3 {[%emt 0:00:29]} Rc8 {[%emt 0:01:18]} 27. Qd3 {[%emt 0:00:33]} Be5 {[%emt 0:00:18]} 28. Ne2 {[%emt 0:00:52]} Qa5 {[%emt 0:04:26]} 29. Nd4 {[%emt 0:02:06]} d5 {[%emt 0:01:49]} 30. Nf3 {[%emt 0:01:47]} dxc4 {[%emt 0:00:37]} 31. Qd7 {[%emt 0:03:04]} Rf8 {[%emt 0:06:48]} 1/2-1/2

[Event "Lueneburger Schachfestival IM 2019"]
[Site "Lueneburg"]
[Date "2019.08.10"]
[Round "9.4"]
[White "Schulze, Lara"]
[Black "Souleidis, Georgios"]
[Result "0-1"]
[WhiteElo "2253"]
[BlackElo "2426"]
[Annotator "NA"]
[PlyCount "128"]
[EventDate "2019.08.02"]
[EventType "tourn"]
[EventCountry "GER"]
[SourceTitle "playchess.com"]
[Source "ChessBase"]
[SourceQuality "1"]
[TimeControl "40/5400+30:1800+30"]

1. e4 {[%emt 0:00:00]} c5 {[%emt 0:00:00]} 2. Nf3 {[%emt 0:00:00]} Nc6 {[%emt 0:00:00]} 3. d4 {[%emt 0:00:00]} cxd4 {[%emt 0:00:00]} 4. Nxd4 {[%emt 0:00:00]} g6 {[%emt 0:00:00]} 5. c4 {[%emt 0:00:02]} Bg7 {[%emt 0:00:00]} 6. Be3 {[%emt 0:00:13]} Qb6 {[%emt 0:00:00]} 7. Nb5 {[%emt 0:01:25]} Qa5+ {[%emt 0:00:00]} 8. N1c3 {[%emt 0:03:59]} a6 {[%emt 0:14:36]} 9. Nd4 {[%emt 0:00:58]} Nf6 {[%emt 0:00:08]} 10. Nb3 {[%emt 0:03:36]} Qd8 {[%emt 0:04:42]} 11. Nd5 {[%emt 0:13:56]} Nxd5 {[%emt 0:00:05]} 12. cxd5 {[%emt 0:00:17]} Nb8 {[%emt 0:00:16]} 13. Qd2 {[%emt 0:01:48]} O-O {[%emt 0:02:54]} 14. h4 {[%emt 0:04:02]} e5 {[%emt 0:05:12]} 15. h5 {[%emt 0:08:33]} d6 {[%emt 0:00:31]} 16. hxg6 {[%emt 0:08:35]} fxg6 {[%emt 0:00:10]} 17. O-O-O {[%emt 0:00:54]} a5 {[%emt 0:04:04]} 18. Kb1 {[%emt 0:02:09]} a4 {[%emt 0:02:17]} 19. Na1 {[%emt 0:02:30]} a3 {[%emt 0:01:29]} 20. b3 {[%emt 0:00:27]} Nd7 {[%emt 0:00:10]} 21. Bc4 {[%emt 0:04:38]} Nf6 {[%emt 0:01:22]} 22. f3 {[%emt 0:00:55]} Nh5 {[%emt 0:03:10]} 23. Rh2 {[%emt 0:06:11]} Rf7 {[%emt 0:00:21]} 24. Nc2 {[%emt 0:00:51]} Nf4 {[%emt 0:18:23]} 25. Qb4 {[%emt 0:02:58]} h5 {[%emt 0:06:03]} 26. Nxa3 {[%emt 0:04:40]} h4 {[%emt 0:02:27]} 27. Nb5 {[%emt 0:01:57]} Bf8 {[%emt 0:00:07]} 28. Rdh1 {[%emt 0:05:54]} g5 {[%emt 0:00:26]} 29. Qe1 {[%emt 0:02:54]} Nh5 {[%emt 0:07:27]} 30. Qf2 {[%emt 0:04:23]} Ng3 {[%emt 0:00:20]} 31. Bb6 {[%emt 0:11:13]} Nxh1 {[%emt 0:05:38]} 32. Rxh1 {[%emt 0:00:02]} Qe7 {[%emt 0:01:06]} 33. Nc7 {[%emt 0:00:34]} Rb8 {[%emt 0:00:06]} 34. Ne6 {[%emt 0:00:26]} Bxe6 {[%emt 0:02:02]} 35. dxe6 {[%emt 0:00:04]} Rh7 {[%emt 0:02:39]} 36. Bd5 {[%emt 0:02:44]} Kh8 {[%emt 0:00:08]} 37. b4 {[%emt 0:01:48]} Qf6 {[%emt 0:00:09]} 38. g3 {[%emt 0:01:35]} Be7 {[%emt 0:03:36]} 39. g4 {[%emt 0:01:15]} h3 {[%emt 0:03:26]} 40. Qg3 {[%emt 0:00:30]} Qf4 {[%emt 0:05:35]} 41. Rxh3 {[%emt 0:30:35]} Qd2 {[%emt 0:33:50]} 42. Rxh7+ {[%emt 0:00:00]} Kxh7 {[%emt 0:00:00]} 43. Qh3+ {[%emt 0:00:00]} Kg7 {[%emt 0:00:00]} 44. Qh5 {[%emt 0:00:00]} Qxb4+ {[%emt 0:00:00]} 45. Bb3 {[%emt 0:00:00]} Rf8 {[%emt 0:00:00]} 46. Be3 {[%emt 0:00:00]} Rxf3 {[%emt 0:00:00]} 47. Bxg5 {[%emt 0:00:00]} Qxe4+ {[%emt 0:00:00]} 48. Bc2 {[%emt 0:00:00]} Qb4+ {[%emt 0:00:00]} 49. Bb3 {[%emt 0:00:00]} Rf1+ {[%emt 0:00:00]} 50. Kc2 {[%emt 0:00:00]} Rf2+ {[%emt 0:03:38]} 51. Kd1 {[%emt 0:00:00]} Rf1+ {[%emt 0:00:06]} 52. Ke2 {[%emt 0:00:00]} Qe1+ {[%emt 0:00:46]} 53. Kd3 {[%emt 0:00:00]} Rf3+ {[%emt 0:00:14]} 54. Kc2 {[%emt 0:00:00]} Qc3+ {[%emt 0:04:22]} 55. Kd1 {[%emt 0:00:00]} Rf1+ {[%emt 0:02:18]} 56. Ke2 {[%emt 0:00:00]} Qe1+ {[%emt 0:00:01]} 57. Kd3 {[%emt 0:00:00]} Rf3+ {[%emt 0:00:15]} 58. Kc2 {[%emt 0:00:00]} Qe2+ {[%emt 0:01:36]} 59. Bd2 {[%emt 0:00:00]} Qd3+ {[%emt 0:00:06]} 60. Kc1 {[%emt 0:00:00]} Rf1+ {[%emt 0:00:01]} 61. Bd1 {[%emt 0:00:00]} Qa3+ {[%emt 0:00:46]} 62. Kc2 {[%emt 0:00:00]} Qxa2+ {[%emt 0:00:14]} 63. Kd3 {[%emt 0:00:00]} Qxe6 {[%emt 0:00:57]} 64. Be2 {[%emt 0:00:00]} Rf8 {[%emt 0:01:45] Kd4} 0-1

[Event "Lueneburger Schachfestival IM 2019"]
[Site "Lueneburg"]
[Date "2019.08.10"]
[Round "9.5"]
[White "Stork, Oliver"]
[Black "Pubantz, Jan"]
[Result "0-1"]
[WhiteElo "2322"]
[BlackElo "2214"]
[Annotator "NA"]
[PlyCount "54"]
[EventDate "2019.08.02"]
[EventType "tourn"]
[EventCountry "GER"]
[SourceTitle "playchess.com"]
[Source "ChessBase"]
[SourceQuality "1"]
[TimeControl "40/5400+30:1800+30"]

1. c4 {[%emt 0:00:00]} Nf6 {[%emt 0:00:00]} 2. Nf3 {[%emt 0:00:00]} e6 {[%emt 0:00:00]} 3. g3 {[%emt 0:01:12]} d5 {[%emt 0:00:05]} 4. Bg2 {[%emt 0:00:05]} dxc4 {[%emt 0:01:09]} 5. O-O {[%emt 0:00:34]} a6 {[%emt 0:04:52]} 6. Qc2 {[%emt 0:07:05]} b5 {[%emt 0:12:32]} 7. a4 {[%emt 0:05:48]} Bb7 {[%emt 0:01:42]} 8. b3 {[%emt 0:08:48]} cxb3 {[%emt 0:01:14]} 9. Qxb3 {[%emt 0:00:08]} b4 {[%emt 0:07:08]} 10. d4 {[%emt 0:15:32]} c5 {[%emt 0:02:44]} 11. dxc5 {[%emt 0:06:04]} Bxc5 {[%emt 0:00:22]} 12. a5 {[%emt 0:04:06]} O-O {[%emt 0:02:59]} 13. Nbd2 {[%emt 0:01:48]} Nbd7 {[%emt 0:02:06]} 14. Nc4 {[%emt 0:04:34]} Rc8 {[%emt 0:07:30]} 15. Be3 {[%emt 0:12:29]} Bd5 {[%emt 0:07:35]} 16. Bxc5 {[%emt 0:02:13]} Rxc5 {[%emt 0:00:10]} 17. Nfd2 {[%emt 0:00:27]} Ne5 {[%emt 0:06:22]} 18. Rac1 {[%emt 0:11:35]} Qc7 {[%emt 0:12:47]} 19. Qxb4 {[%emt 0:06:42]} Nxc4 {[%emt 0:04:34]} 20. e4 {[%emt 0:01:02]} Rb8 {[%emt 0:02:20]} 21. Qc3 {[%emt 0:00:56]} Nxd2 {[%emt 0:00:43]} 22. Qxc5 {[%emt 0:00:12]} Qxc5 {[%emt 0:00:06]} 23. Rxc5 {[%emt 0:00:05]} Nxf1 {[%emt 0:00:18]} 24. exd5 {[%emt 0:00:27]} Nd2 {[%emt 0:00:15]} 25. dxe6 {[%emt 0:00:23]} Rb1+ {[%emt 0:00:27]} 26. Bf1 {[%emt 0:00:05]} Rxf1+ {[%emt 0:00:08]} 27. Kg2 {[%emt 0:00:03]} fxe6 {[%emt 0:00:15]} 0-1